| 000 | 00824aam a2200277 4500 | ||
|---|---|---|---|
| 005 | 20161107105937.0 | ||
| 008 | 150310b xxu||||| |||| 00| 0 spa d | ||
| 041 | _aEspañol | ||
| 082 | _a651.374 R696d2 | ||
| 100 |
_aRodriguez Estrada, Mauro _930535 |
||
| 100 |
_aDiaz Real, Mayra _918149 |
||
| 245 | _aDesarrollo secretarial | ||
| 250 | _a2 edición | ||
| 260 |
_aMéxico _bEl Manual Moderno _c1999 |
||
| 300 | _a83 páginas | ||
| 650 |
_aTECNICAS SECRETARIALES _930536 |
||
| 650 |
_aRELACIONES HUMANAS _930537 |
||
| 650 |
_aRELACIONES PUBLICAS _9488 |
||
| 650 |
_aPERSONALIDAD DE LA SECRETARIA _918152 |
||
| 650 |
_aPUESTO _918153 |
||
| 650 |
_aPLANEACIÓN DEL TRABAJO _918154 |
||
| 650 |
_aASPECTO EXTERNO _918155 |
||
| 650 |
_aSUPERACIÓN PERSONAL _92235 |
||
| 650 |
_aMANEJO DEL TIEMPO _915699 |
||
| 942 | _cBK | ||
| 999 |
_c2111 _d2111 |
||